|
|
|
|
| LEADER |
00000cam a2200000 7i4500 |
| 001 |
0000066830 |
| 005 |
20161010.0 |
| 008 |
161010 |
| 020 |
|
|
|a 9835701334
|
| 090 |
0 |
0 |
|a JF
|b MAL
|
| 100 |
1 |
|
|a Hazizan Haress
|
| 245 |
1 |
0 |
|a Alahai Minahku sayang
|c Hazizan Haress
|
| 260 |
|
|
|a Kuala Lumpur :
|b Penerbitan Gema Insan ,
|c 2006
|
| 300 |
|
|
|a 80p. :
|b .ill.
|
| 490 |
1 |
|
|a Siri titipan mekar remaja
|
| 500 |
|
|
|a Children ages 7-9 years old (orange)
|
| 650 |
|
0 |
|a Children's stories, Malay
|
| 999 |
|
|
|a 0000958321
|b Book
|c Children Collection
|e Cawangan Bandar Penawar
|
| 999 |
|
|
|a 0001134206
|b Book
|c Children Collection
|e Cawangan Taman Universiti
|
| 999 |
|
|
|a 0001164576
|b Book
|c Children Collection
|e Cawangan Taman Universiti
|
| 999 |
|
|
|a 0001164577
|b Book
|c Children Collection
|e Cawangan Mersing
|
| 999 |
|
|
|a 0001164581
|b Book
|c Children Collection
|e Cawangan Bandar Penawar
|
| 999 |
|
|
|a 0001164583
|b Book
|c Children Collection
|e Cawangan Tangkak
|
| 999 |
|
|
|a 0001164584
|b Book
|c Children Collection
|e Cawangan Segamat
|